| 000 | 00449nam a2200169 a 4500 | ||
|---|---|---|---|
| 020 | _a9781851681211 | ||
| 082 | 0 | 0 |
_a297.1226 _bESA |
| 100 | _aEsack, Farid | ||
| 245 | _aQuran Liberation and Pluralism | ||
| 260 |
_aOxford _bOne World Publications _c2006 |
||
| 300 | _a288p. | ||
| 500 | _aincludes index and biblioraphy | ||
| 505 | 2 | _aBibliography, Maps, Index | |
| 650 | _aQuran and Liberation Theology | ||
| 700 | 1 | _aEsack, Farid | |
| 942 | _cBK | ||
| 999 |
_c23263 _d23263 |
||